Bình luận những nội dung mới của Bộ luật dân sự năm 2005
Αποθηκεύτηκε σε:
| Κύριος συγγραφέας: | |
|---|---|
| Μορφή: | Βιβλίο |
| Γλώσσα: | Undetermined |
| Έκδοση: |
Hà Nội
Tư pháp
2005
|
| Θέματα: | |
| Ετικέτες: |
Προσθήκη ετικέτας
Δεν υπάρχουν, Καταχωρήστε ετικέτα πρώτοι!
|
| Thư viện lưu trữ: | Trung tâm Học liệu Trường Đại học Cần Thơ |
|---|
| LEADER | 00617nam a2200205Ia 4500 | ||
|---|---|---|---|
| 001 | CTU_104940 | ||
| 008 | 210402s9999 xx 000 0 und d | ||
| 020 | |c 155000 | ||
| 082 | |a 346.597 | ||
| 082 | |b T513 | ||
| 100 | |a Đinh, Trung Tụng | ||
| 245 | 0 | |a Bình luận những nội dung mới của Bộ luật dân sự năm 2005 | |
| 245 | 0 | |c Đinh Trung Tụng | |
| 260 | |a Hà Nội | ||
| 260 | |b Tư pháp | ||
| 260 | |c 2005 | ||
| 650 | |a Civil law ( Lietnamese law ),Private law | ||
| 650 | |z Vietnam | ||
| 904 | |i Hiếu | ||
| 980 | |a Trung tâm Học liệu Trường Đại học Cần Thơ | ||